Former Flags of East and Central Asia Countries/Territories - Statistics

General Stats
  • This quiz has been taken 60 times
  • The average score is 8 of 13
Answer Stats
Picture Answer % Correct
Japanese Empire
100%
Mongol Empire
100%
Tibet
100%
Qing Dynasty
96%
Joseon Dynasty (Korea)
81%
Manchuria (Manchukuo)
69%
Kazakh Khanate
58%
East Turkestan Republic
54%
Formosa
46%
Tannu Tuva
46%
Ryukyu Kingdom
31%
Mengjiang United Autonomous Government
23%
Tokugawa Shogunate
15%
No matching quizzes found
Score Distribution
Percent of People with Each Score
Percentile by Number Answered
Your Score History
You have not taken this quiz